000 01851nam a2200265Ia 4500
008 260220t1975||||xx |||||||||||||| ||spa||
020 _a8473640195
040 _aPY-SlUNAC
_bspa
_erda
041 _aspa
082 _a301
_bM588s
100 _aMiguel, Amando de
_eAutor
245 0 _aSociología del franquismo :
_banálisis ideológicos de los Ministros del Régimen /
_cpor Amando de Miguel [Autor]
250 _aSexta edición
264 _aBarcelona :
_bEuros,
_c℗1975.
300 _a1 volumen
520 _aEn "Sociología del franquismo: análisis ideológicos de los Ministros del Régimen", Amando de Miguel ofrece un estudio exhaustivo sobre la estructura ideológica y social del franquismo en España, centrando su análisis en los ministros que formaron parte del régimen de Francisco Franco. A través de un enfoque sociológico, el autor examina las trayectorias profesionales, las influencias ideológicas y los contextos históricos que moldearon las decisiones de estos líderes políticos. De Miguel argumenta que la ideología del régimen se basó en un conjunto de valores tradicionalistas, nacionalistas y católicos, que justificaron y perpetuaron la dictadura. A través de una metodología rigurosa, que combina análisis cualitativo y cuantitativo, el autor revela cómo estas ideologías se tradujeron en políticas concretas que afectaron a la sociedad española. Este libro es una contribución significativa al entendimiento del franquismo, ofreciendo una perspectiva crítica sobre la relación entre ideología y poder en un contexto dictatorial.
653 _aAnálisis ideológico
653 _aFranquismo
653 _aSociología
942 _b2026/02/17
_cBK
999 _c6890
_d6890